Catálogo
 En Linea

Episodios duartianos / (Registro nro. 26597)

Detalles MARC
000 -CABECERA
campo de control de longitud fija 00789nam a2200229 a 4500
001 - NÚMERO DE CONTROL
campo de control 000027105
005 - FECHA Y HORA DE LA ÚLTIMA TRANSACCIÓN
campo de control 20240314073718.0
008 - DATOS DE LONGITUD FIJA--INFORMACIÓN GENERAL
campo de control de longitud fija 110329t1977 dr a 000 0 spa d
040 ## - FUENTE DE LA CATALOGACIÓN
Centro catalogador/agencia de origen DO-SdBNP
Lengua de catalogación spa
Centro/agencia transcriptor BNPHU
082 ## - NÚMERO DE LA CLASIFICACIÓN DECIMAL DEWEY
Número de clasificación 923.27293
Número de documento/Ítem D812T
049 ## - FONDOS LOCALES (OCLC)
Fondos de biblioteca BNPD
100 1# - ENTRADA PRINCIPAL--NOMBRE DE PERSONA
Nombre de persona Troncoso Sánchez, Pedro,
Fechas asociadas al nombre 1904-1989
9 (RLIN) 23599
245 10 - MENCIÓN DE TÍTULO
Título Episodios duartianos /
Mención de responsabilidad, etc. Pedro Troncoso Sánchez.
260 ## - PUBLICACIÓN, DISTRIBUCIÓN, ETC.
Lugar de publicación, distribución, etc. Santo Domingo :
Nombre del editor, distribuidor, etc. Editorial Gaivota,
Fecha de publicación, distribución, etc. 1977.
300 ## - DESCRIPCIÓN FÍSICA
Extensión 320 p. :
Otras características físicas il. ;
Dimensiones 27 cm.
490 1# - MENCIÓN DE SERIE
Mención de serie Biblioteca Nacional
Designación de volumen o secuencia 4
590 ## - NOTA LOCAL (RLIN)
Nota local Inventariado, 2020/VM
600 10 - PUNTO DE ACCESO ADICIONAL DE MATERIA--NOMBRE DE PERSONA
Nombre de persona Duarte, Juan Pablo,
Fechas asociadas al nombre 1813-1876
9 (RLIN) 1494
651 #4 - PUNTO DE ACCESO ADICIONAL DE MATERIA--NOMBRE GEOGRÁFICO
Nombre geográfico República Dominicana
Subdivisión general Historia
Subdivisión cronológica OCUPACIÓN HAITIANA, 1822-1844
9 (RLIN) 7666
830 #0 - PUNTO DE ACCESO ADICIONAL DE SERIE-TÍTULO UNIFORME
Título uniforme Biblioteca Nacional
Número de parte o sección de la obra 4
9 (RLIN) 54183
910 ## - DATOS DE OPCIÓN DEL USUARIO (OCLC)
Datos de opción del usuario Validado. Control de calidad EMS.
Existencias
Estado de retiro Estado de pérdida Restricciones de uso No para préstamo Código de colección Localización permanente Ubicación/localización actual Ubicación en estantería Fecha de adquisición Número de inventario Total de préstamos Signatura topográfica completa Código de barras Fecha visto por última vez Número de copia Precio válido a partir de Tipo de ítem Koha
        Dominicana de Servicio General General Depósito 31.03.2011 LF1   923.27293 D812T 27105-30 25.06.2020 e.3 25.06.2020 Libro y Folleto Colección Dominicana de Servicio
        Dominicana de Servicio General General Depósito 08.04.2011 LF1   923.27293 D812T 27105-40 25.06.2020 e.4 25.06.2020 Libro y Folleto Colección Dominicana de Servicio
        Dominicana de Servicio General General Depósito 08.04.2011 LF1   923.27293 D812T 27105-50 25.06.2020 e.5 25.06.2020 Libro y Folleto Colección Dominicana de Servicio
      Excluido de préstamo Patrimonio Dominicano Patrimonio Dominicano Patrimonio Dominicano Depósito 29.03.2011 LF1   923.27293 D812T 27105-10 25.06.2020   25.06.2020 Libro y Folleto Colección Patrimonio Dominicano
      Excluido de préstamo Patrimonio Dominicano Patrimonio Dominicano Patrimonio Dominicano Depósito 30.03.2011 LF1   923.27293 D812T 27105-20 25.06.2020 e.2 25.06.2020 Libro y Folleto Colección Patrimonio Dominicano

Con tecnología Koha